| 000 | 00647 a2200193 4500 | ||
|---|---|---|---|
| 003 | Nust | ||
| 005 | 20230531105619.0 | ||
| 020 | _a188477749X | ||
| 040 | _cNust | ||
| 082 | _a005.2762,HUG | ||
| 100 |
_aHughes, Merlin _9112901 |
||
| 245 |
_aJava network programming java 2 / _cMerlin Hughes and Michael Shoffner |
||
| 250 | _a2nd. | ||
| 260 |
_aGreenwich _bManning _c1997 |
||
| 300 | _a806 p. | ||
| 505 | _aPart I. Preliminaries (Page-3), Part II. Streams (Page-61), Part III. Networking (Page-251), Part IV Alternative Technologies (Page-499), Part V. Message Streams (Page-659). | ||
| 650 |
_aJava _957943 |
||
| 942 |
_2ddc _cBK _k005.2762,HUG |
||
| 999 |
_c194726 _d194726 |
||